[Event "SportAccord World Mind Games (Men, Basque)"]
[Site "Beijing CHN"]
[Date "2013.12.18"]
[EventDate "2013.12.17"]
[Round "5.1"]
[Result "1/2-1/2"]
[White "Peter Leko"]
[Black "Leinier Dominguez Perez"]
[WhiteElo "2730"]
[BlackElo "2754"]
[PlyCount "124"]

1. e4 e5 2. Nf3 Nf6 3. Nxe5 d6 4. Nf3 Nxe4 5. Bd3 Nf6 6. O-O
Be7 7. c3 O-O 8. Bc2 b6 9. d4 Bb7 10. Re1 Nbd7 11. Nbd2 Re8
12. Nf1 Bf8 13. Bf4 Rxe1 14. Nxe1 Qe7 15. Ng3 g6 16. Nf3 Re8
17. h3 a6 18. Qd3 Bg7 19. Re1 Qd8 20. Rxe8+ Qxe8 21. Bb3 Qd8
22. Qe2 Qe8 23. Qxe8+ Nxe8 24. Nf1 Nef6 25. Ne3 h6 26. Nd2 b5
27. f3 Nb6 28. Kf2 Nfd5 29. Nxd5 Bxd5 30. Bxd5 Nxd5 31. Be3 f5
32. Nf1 Kf7 33. Ke2 h5 34. Kd3 Ke6 35. b3 Nxe3 36. Nxe3 d5
37. Nc2 Bf8 38. b4 Bd6 39. Ke2 c6 40. Ne1 h4 41. Nd3 f4
42. Nf2 Bc7 43. Nd3 Bd6 44. Kd2 g5 45. Kc2 Kd7 46. Kb3 Kc7
47. a4 Kb6 48. a5+ Kb7 49. Kc2 Kc7 50. Nf2 Kd7 51. Kd3 Ke6
52. Ng4 Bc7 53. Nf2 Bd6 54. Ng4 Bc7 55. Nf2 Bd6 56. Ke2 Kd7
57. Nd3 Ke6 58. Nc1 Kf5 59. Nb3 Ke6 60. Kd3 Kd7 61. Ke2 Ke6
62. Kd3 Kd7 1/2-1/2

[Event "SportAccord World Mind Games (Men, Basque)"]
[Site "Beijing CHN"]
[Date "2013.12.18"]
[EventDate "2013.12.17"]
[Round "5.2"]
[Result "1/2-1/2"]
[White "Leinier Dominguez Perez"]
[Black "Peter Leko"]
[WhiteElo "2754"]
[BlackElo "2730"]
[PlyCount "96"]

1. e4 e5 2. Nf3 Nc6 3. Bb5 Nf6 4. d3 Bc5 5. c3 O-O 6. O-O Re8
7. Re1 a6 8. Ba4 b5 9. Bb3 d6 10. Nbd2 Be6 11. Nf1 Bxb3
12. axb3 h6 13. b4 Bb6 14. Be3 Bxe3 15. Nxe3 Qd7 16. h3 a5
17. bxa5 Nxa5 18. b4 Nc6 19. Qb3 Ne7 20. Kh2 Qc6 21. g3 Rxa1
22. Rxa1 Ra8 23. Rxa8+ Qxa8 24. Kg2 g6 25. Nc2 Kg7 26. Qa3 Qc6
27. Ne3 Nc8 28. Qb3 Nb6 29. Nd2 Na4 30. c4 Nb6 31. Qa2 bxc4
32. Ndxc4 Nxc4 33. Qxc4 Qxc4 34. Nxc4 d5 35. Nxe5 dxe4
36. dxe4 Nxe4 37. Nc4 Kf6 38. b5 Ke6 39. b6 cxb6 40. Nxb6 h5
41. h4 f6 42. Nc4 g5 43. hxg5 fxg5 44. Ne3 g4 45. f3 Nf6
46. fxg4 hxg4 47. Kf2 Ke5 48. Nxg4+ Nxg4+ 1/2-1/2

[Event "Tata Steel Masters"]
[Site "Wijk aan Zee NED"]
[Date "2014.01.17"]
[EventDate "2014.01.11"]
[Round "5"]
[Result "0-1"]
[White "Richard Rapport"]
[Black "Leinier Dominguez Perez"]
[WhiteElo "2691"]
[BlackElo "2754"]
[PlyCount "61"]

1. c4 c5 2. Nc3 g6 3. g4 Bg7 4. Bg2 Nc6 5. d3 d6 6. g5 e6
7. h4 h5 8. Bxc6+ bxc6 9. f4 e5 10. fxe5 Bxe5 11. Nf3 Bxc3+
12. bxc3 Ne7 13. Bf4 O-O 14. Nd2 d5 15. Qa4 Bg4 16. Rh2 Re8
17. Rb1 Qd7 18. Rf2 Qe6 19. Nb3 Bxe2 20. Kd2 Qg4 21. Nxc5 Qxh4
22. Be3 Nf5 23. Rxf5 gxf5 24. g6 Rxe3 25. Kxe3 Re8+ 26. Kd2
Qf2 27. gxf7+ Kxf7 28. Qxa7+ Kg8 29. Rb8 Bxd3+ 30. Kxd3 Qe2+
31. Kd4 0-1

[Event "Capablanca Memorial (Elite)"]
[Site "Havana CUB"]
[Date "2014.05.08"]
[EventDate "2014.05.08"]
[Round "1.3"]
[Result "1/2-1/2"]
[White "Leinier Dominguez Perez"]
[Black "Vassily Ivanchuk"]
[WhiteElo "2768"]
[BlackElo "2753"]
[PlyCount "104"]

1. e4 e5 2. Nf3 Nc6 3. Bb5 a6 4. Ba4 Nf6 5. O-O Nxe4 6. d4 b5
7. Bb3 d5 8. dxe5 Be6 9. Nbd2 Be7 10. c3 O-O 11. Bc2 f5
12. Nb3 Qd7 13. Nbd4 Nxd4 14. Nxd4 c5 15. Ne2 Rfd8 16. Nf4 d4
17. f3 Ng5 18. cxd4 Bc4 19. d5 Bxd5 20. Qxd5+ Qxd5 21. Nxd5
Rxd5 22. a4 Rf8 23. axb5 axb5 24. Ra7 Bd8 25. Rd1 Rxd1+
26. Bxd1 Ne6 27. f4 Rf7 28. Ra6 Rd7 29. Be2 Nd4 30. Kf2 Nxe2
31. Kxe2 c4 32. Be3 Rd5 33. Ra7 Kf8 34. e6 Bf6 35. Bd2 Rd8
36. Bb4+ Kg8 37. Rb7 Re8 38. e7 Bxb2 39. Rxb5 Bf6 40. Rb7 Kf7
41. Kd2 Rc8 42. Bc3 Bxc3+ 43. Kxc3 Ke8 44. g3 Rc6 45. Ra7 Rh6
46. Kxc4 Rxh2 47. Kd5 Rh6 48. Ke5 Rf6 49. Rb7 h5 50. Ra7 Rg6
51. Ra3 Rf6 52. Ra7 Rg6 1/2-1/2

[Event "Capablanca Memorial (Elite)"]
[Site "Havana CUB"]
[Date "2014.05.09"]
[EventDate "2014.05.08"]
[Round "2.2"]
[Result "1/2-1/2"]
[White "Zoltan Almasi"]
[Black "Leinier Dominguez Perez"]
[WhiteElo "2707"]
[BlackElo "2768"]
[PlyCount "57"]

1. Nf3 Nf6 2. c4 e6 3. g3 d5 4. Bg2 Be7 5. O-O O-O 6. d4 dxc4
7. Qc2 a6 8. Qxc4 b5 9. Qc2 Bb7 10. Bd2 Be4 11. Qc1 c6 12. Rd1
Nbd7 13. Bg5 Rc8 14. Nbd2 Bd5 15. Bxf6 Nxf6 16. Nb3 Bxb3
17. axb3 Qb6 18. Qd2 Nd5 19. Ne5 Rfd8 20. Bxd5 cxd5 21. e3 Bd6
22. Nd3 b4 23. Rdc1 a5 24. Rc2 Rxc2 25. Qxc2 Rd7 26. Qc8+ Rd8
27. Qc2 Rd7 28. Qc8+ Rd8 29. Qc2 1/2-1/2

[Event "Capablanca Memorial (Elite)"]
[Site "Havana CUB"]
[Date "2014.05.14"]
[EventDate "2014.05.08"]
[Round "6.2"]
[Result "1/2-1/2"]
[White "Vassily Ivanchuk"]
[Black "Leinier Dominguez Perez"]
[WhiteElo "2753"]
[BlackElo "2768"]
[PlyCount "56"]

1. e4 c5 2. Nf3 d6 3. d4 cxd4 4. Nxd4 Nf6 5. Nc3 a6 6. f4 Qc7
7. Be2 e5 8. Nf5 Bxf5 9. exf5 Nc6 10. O-O O-O-O 11. Nd5 Nxd5
12. Qxd5 Nb4 13. Qb3 d5 14. Bd2 Nc6 15. fxe5 Qxe5 16. Rae1 Bd6
17. g3 Qf6 18. Bf3 h5 19. Bxd5 Bxg3 20. Bc3 Bxh2+ 21. Kxh2
Qd6+ 22. Re5 Rhe8 23. Re1 f6 24. Bxc6 bxc6 25. Qc4 Rxe5
26. Qxa6+ Kb8 27. Qb6+ Kc8 28. Qa6+ Kb8 1/2-1/2

[Event "Capablanca Memorial (Elite)"]
[Site "Havana CUB"]
[Date "2014.05.15"]
[EventDate "2014.05.08"]
[Round "7.2"]
[Result "1/2-1/2"]
[White "Leinier Dominguez Perez"]
[Black "Zoltan Almasi"]
[WhiteElo "2768"]
[BlackElo "2693"]
[PlyCount "75"]

1. e4 e5 2. Nf3 Nc6 3. Bb5 Nf6 4. O-O Nxe4 5. d4 Nd6 6. Bxc6
dxc6 7. dxe5 Nf5 8. Qxd8+ Kxd8 9. h3 Ke8 10. Nc3 h5 11. Rd1
Be7 12. Ne2 Nh4 13. Nxh4 Bxh4 14. f3 Be7 15. g4 hxg4 16. hxg4
f5 17. exf6 Bxf6 18. c3 Be6 19. Nf4 Bf7 20. Kg2 Kf8 21. Be3
Be5 22. Nh3 Re8 23. Bf4 Rxh3 24. Bxe5 Rh6 25. f4 Bd5+ 26. Kg3
Rh7 27. b3 g5 28. Re1 gxf4+ 29. Kxf4 Kf7 30. c4 Be6 31. Rh1
Rxh1 32. Rxh1 Bxg4 33. Rh7+ Ke6 34. Rh6+ Kd7 35. Rh7+ Ke6
36. Rxc7 Bd1 37. Bd4 Re7 38. Rxe7+ 1/2-1/2

[Event "Capablanca Memorial (Elite)"]
[Site "Havana CUB"]
[Date "2014.05.18"]
[EventDate "?"]
[Round "10.1"]
[Result "1/2-1/2"]
[White "Lazaro Bruzon Batista"]
[Black "Leinier Dominguez Perez"]
[WhiteElo "2682"]
[BlackElo "2768"]
[PlyCount "65"]

1. d4 Nf6 2. c4 e6 3. Nc3 Bb4 4. Qc2 O-O 5. a3 Bxc3+ 6. Qxc3
d5 7. Nf3 dxc4 8. Qxc4 b6 9. Bg5 Ba6 10. Qa4 Qd7 11. Qc2 c5
12. dxc5 Rc8 13. Bxf6 gxf6 14. Qe4 Qb5 15. b4 bxc5 16. e3 Qb7
17. Qg4+ Kf8 18. b5 Bxb5 19. Rb1 a6 20. a4 f5 21. Qf4 Qe4
22. Qxe4 fxe4 23. axb5 exf3 24. b6 Rd8 25. gxf3 Nc6 26. Bg2
Nb4 27. f4 Rab8 28. b7 Nd5 29. O-O Rd7 30. Rfc1 Rbxb7 31. Rxb7
Rxb7 32. Bxd5 exd5 33. Rxc5 1/2-1/2

[Event "Chess Olympiad"]
[Site "Tromso NOR"]
[Date "2014.08.02"]
[EventDate "2014.08.02"]
[Round "1.13"]
[Result "0-1"]
[White "Mark Machin Rivera"]
[Black "Leinier Dominguez Perez"]
[WhiteElo "2341"]
[BlackElo "2760"]
[PlyCount "80"]

1. c4 g6 2. g3 Bg7 3. Bg2 c5 4. Nc3 Nc6 5. e3 e5 6. Nge2 Nge7
7. O-O O-O 8. a3 a5 9. d3 d6 10. Rb1 Rb8 11. Bd2 Be6 12. Nd5
b5 13. cxb5 Rxb5 14. Qa4 Qb8 15. Nc7 Qxc7 16. Qxb5 Rb8 17. Qa4
Bb3 18. Qh4 d5 19. Nc3 Qd6 20. e4 d4 21. Nd5 Nxd5 22. exd5
Bxd5 23. Bxd5 Qxd5 24. Qe4 Qxe4 25. dxe4 Rb3 26. Rfc1 Bf8
27. Kg2 f5 28. f3 Kf7 29. Kf2 Ke6 30. Rc4 Be7 31. Ra4 Bd8
32. Ke2 Bb6 33. Kf2 h5 34. Ke2 Kf6 35. Rc4 Nd8 36. Ra4 Nb7
37. Kf2 Ke6 38. h3 fxe4 39. fxe4 Nd6 40. Bxa5 Nxe4+ 0-1

[Event "Chess Olympiad"]
[Site "Tromso NOR"]
[Date "2014.08.03"]
[EventDate "2014.08.02"]
[Round "2.14"]
[Result "1-0"]
[White "Leinier Dominguez Perez"]
[Black "Paulo Dias"]
[WhiteElo "2760"]
[BlackElo "2416"]
[PlyCount "233"]

1. e4 e5 2. Nf3 Nc6 3. Bb5 Nf6 4. O-O Nxe4 5. d4 Nd6 6. Bxc6
dxc6 7. dxe5 Nf5 8. Qxd8+ Kxd8 9. h3 Be6 10. g4 Ne7 11. Ng5 h5
12. Nxe6+ fxe6 13. Kg2 Ng6 14. f4 Be7 15. Nd2 Kd7 16. Ne4 c5
17. Be3 Kc6 18. c4 Raf8 19. b3 b6 20. Kg3 Bh4+ 21. Kg2 Be7
22. Rad1 Rf7 23. Rf2 Nh4+ 24. Kg3 Ng6 25. Kg2 Nh4+ 26. Kg1 Ng6
27. Rdf1 hxg4 28. hxg4 Rh3 29. Bd2 Bh4 30. Kg2 Rd3 31. Re2 Rf8
32. Be3 a5 33. Rf3 a4 34. Rd2 Rfd8 35. Rxd3 Rxd3 36. Bg1 Rd1
37. Nc3 Rd2+ 38. Kh3 Be1 39. Nxa4 Rxa2 40. Bh2 Re2 41. Bg3 Bd2
42. Nc3 Bxc3 43. Rxc3 b5 44. cxb5+ Kxb5 45. Rd3 Kc6 46. Rd8
Re3 47. Kg2 Rxb3 48. f5 Rb4 49. fxg6 Rxg4 50. Kf3 Rxg6 51. Rd1
Rh6 52. Bf4 Rh3+ 53. Ke4 Ra3 54. Rd8 Ra4+ 55. Kf3 Ra3+ 56. Be3
Rb3 57. Rd1 Rc3 58. Rd8 Ra3 59. Rd2 Rc3 60. Rd1 Ra3 61. Rc1
Ra5 62. Bf4 Ra3+ 63. Be3 Ra5 64. Rg1 Kd5 65. Rxg7 Kxe5
66. Rxc7 Kd6 67. Rc8 Kd7 68. Rh8 Kd6 69. Rd8+ Kc7 70. Rd1 Kc6
71. Ke4 c4 72. Rc1 Ra4 73. Kd4 Kb5 74. Rh1 Ra3 75. Rh5+ Kb4
76. Bd2+ c3 77. Be1 Rb3 78. Rc5 Rb1 79. Bxc3+ Kb3 80. Kd3 Rh1
81. Rb5+ Ka4 82. Rb4+ Ka3 83. Rb8 Rh3+ 84. Kc2 Rh2+ 85. Kd3
Ka4 86. Kc4 Rh4+ 87. Bd4 Rh5 88. Rg8 Rf5 89. Rh8 Rg5 90. Re8
Rh5 91. Rb8 Rg5 92. Rb7 Rh5 93. Bf2 Rg5 94. Bd4 Rh5 95. Bf6
Rf5 96. Bc3 Rf4+ 97. Bd4 Rf5 98. Rb1 Rf3 99. Rb4+ Ka3 100. Rb1
Ka4 101. Rb8 Rf5 102. Rb4+ Ka5 103. Rb1 Ka6 104. Rb6+ Ka5
105. Rc6 Ka4 106. Ra6+ Ra5 107. Rb6 Rh5 108. Rb7 Rg5 109. Rb8
Rh5 110. Bf6 Rf5 111. Bc3 Rf4+ 112. Bd4 Rf5 113. Rb4+ Ka5
114. Rb1 Ka6 115. Rb6+ Ka5 116. Rxe6 Ka4 117. Be5 1-0

[Event "Chess Olympiad"]
[Site "Tromso NOR"]
[Date "2014.08.04"]
[EventDate "2014.08.02"]
[Round "3.5"]
[Result "1/2-1/2"]
[White "Radoslaw Wojtaszek"]
[Black "Leinier Dominguez Perez"]
[WhiteElo "2735"]
[BlackElo "2760"]
[PlyCount "83"]

1. d4 Nf6 2. c4 g6 3. f3 d5 4. cxd5 Nxd5 5. e4 Nb6 6. Nc3 Bg7
7. Be3 O-O 8. Qd2 e5 9. d5 c6 10. h4 cxd5 11. exd5 N8d7 12. h5
Nf6 13. hxg6 fxg6 14. O-O-O Bd7 15. Kb1 Rc8 16. d6 e4 17. fxe4
Ng4 18. Bg5 Qe8 19. Nf3 Rf7 20. Re1 Ne5 21. Bh6 Nec4 22. Qc1
Be5 23. Bxc4 Nxc4 24. Nxe5 Qxe5 25. Rhf1 Nxd6 26. Rxf7 Nxf7
27. Bf4 Qe6 28. Qe3 a6 29. g4 Bc6 30. g5 Re8 31. Ka1 b5
32. Qb6 Qc4 33. a3 Bxe4 34. Nxe4 Rxe4 35. Rc1 Qd4 36. Rc8+ Kg7
37. Qb8 Qd1+ 38. Bc1 Re8 39. Rxe8 Qxc1+ 40. Ka2 Qc4+ 41. Ka1
Qc1+ 42. Ka2 1/2-1/2

[Event "Chess Olympiad"]
[Site "Tromso NOR"]
[Date "2014.08.06"]
[EventDate "2014.08.02"]
[Round "5.6"]
[Result "1/2-1/2"]
[White "Boris Gelfand"]
[Black "Leinier Dominguez Perez"]
[WhiteElo "2753"]
[BlackElo "2760"]
[PlyCount "98"]

1. d4 Nf6 2. c4 g6 3. Nf3 Bg7 4. g3 c6 5. Bg2 d5 6. cxd5 cxd5
7. Ne5 Ne4 8. Nd2 Nd7 9. Nxd7 Qxd7 10. O-O Nxd2 11. Bxd2 O-O
12. Bf4 b6 13. Rc1 Ba6 14. Rc7 Qe6 15. Qa4 Qxe2 16. Rfc1 Bb5
17. Qb4 a5 18. Qc3 Ba6 19. Be3 Qb5 20. Rxe7 Rac8 21. Qd2 Rxc1+
22. Qxc1 Bc8 23. Rc7 Be6 24. a3 Rb8 25. h4 h5 26. Qc3 Qa4
27. Kh2 Qd1 28. Qc6 Qb3 29. Qc1 Qa4 30. Rc6 Kh7 31. Bf3 Kg8
32. Qc3 Qb5 33. Rc7 Qa4 34. Qd3 Ra8 35. Bd1 Qe8 36. Qb3 Rb8
37. Bf3 a4 38. Qc3 b5 39. Bf4 Rc8 40. Rc5 Qd7 41. Be2 Rxc5
42. Qxc5 Qc8 43. Bd6 Qxc5 44. Bxc5 Bd7 45. Kg2 f5 46. Bd3 Kf7
47. f4 Bf6 48. Kf2 Bd8 49. Ke2 Ba5 1/2-1/2

[Event "Chess Olympiad"]
[Site "Tromso NOR"]
[Date "2014.08.08"]
[EventDate "2014.08.02"]
[Round "6.4"]
[Result "1/2-1/2"]
[White "Leinier Dominguez Perez"]
[Black "Anuar Ismagambetov"]
[WhiteElo "2760"]
[BlackElo "2531"]
[PlyCount "149"]

1. c4 e5 2. g3 Nf6 3. Bg2 c6 4. d4 exd4 5. Qxd4 d5 6. Nf3 Be7
7. O-O O-O 8. cxd5 cxd5 9. Nc3 Nc6 10. Qa4 Be6 11. Rd1 Qb6
12. Qb5 Qxb5 13. Nxb5 Rac8 14. Be3 a6 15. Nbd4 Bg4 16. Rac1
Rfe8 17. h3 Bd7 18. Kf1 Bd6 19. Bf4 Bf8 20. Nxc6 Bxc6 21. Nd4
Bd7 22. g4 g6 23. f3 Bg7 24. e3 h6 25. Kf2 Nh7 26. Bd6 Ng5
27. Bb4 Ne6 28. Bc3 Nxd4 29. Bxd4 Bxd4 30. exd4 Bb5 31. Rxc8
Rxc8 32. Rd2 Rc1 33. f4 Bc6 34. h4 Kg7 35. Kg3 Rg1 36. g5 Rc1
37. Bf3 Rg1+ 38. Kf2 Rc1 39. Ke3 Re1+ 40. Re2 Rc1 41. Rh2 Re1+
42. Kf2 Rb1 43. Kg3 Rg1+ 44. Rg2 Rc1 45. a3 Rc4 46. Rd2 Rc1
47. Kf2 Rc4 48. Bd1 Rc1 49. Bf3 Rc4 50. Bd1 Rc1 51. Kg2 Rb1
52. Bf3 Rc1 53. Kg3 Rg1+ 54. Rg2 Rc1 55. h5 hxg5 56. fxg5 gxh5
57. Bxh5 f6 58. Kf4 Rf1+ 59. Bf3 Kg6 60. gxf6+ Kxf6 61. Rh2
Ke6 62. Ke3 Kd6 63. Rh1 Rxh1 64. Bxh1 a5 65. Kf4 Bd7 66. Bf3
b6 67. Kg5 Ba4 68. Kf6 Be8 69. Be2 Bd7 70. Bd3 Be8 71. b3 Bh5
72. Bc2 Be8 73. Bd3 Bh5 74. Bc2 Be8 75. Bd3 1/2-1/2

[Event "Chess Olympiad"]
[Site "Tromso NOR"]
[Date "2014.08.12"]
[EventDate "2014.08.02"]
[Round "10.12"]
[Result "1/2-1/2"]
[White "Leinier Dominguez Perez"]
[Black "Baadur Aleksandrovich Jobava"]
[WhiteElo "2760"]
[BlackElo "2713"]
[PlyCount "85"]

1. e4 e6 2. d4 d5 3. Nc3 Nc6 4. Nf3 Nf6 5. exd5 exd5 6. Bb5
Bb4 7. O-O O-O 8. Bxc6 bxc6 9. Ne5 Bxc3 10. bxc3 Ne4 11. f3 f6
12. Ba3 Nd6 13. Nxc6 Qd7 14. Bxd6 cxd6 15. Nb4 Bb7 16. Qd2
Rfc8 17. Rfe1 Qc7 18. Rab1 Qxc3 19. Re8+ Kf7 20. Qxc3 Rxc3
21. Rxa8 Bxa8 22. Rb3 Rc4 23. c3 a5 24. Nc2 Bc6 25. Ra3 a4
26. Nb4 Be8 27. Nxd5 Ke6 28. Nf4+ Kd7 29. Nd5 Kc6 30. Ne3 Kb5
31. Nxc4 Kxc4 32. Kf2 d5 33. Ke3 Bd7 34. h4 g6 35. Kd2 h6
36. Ke3 Be8 37. g3 Bd7 38. Ke2 Be8 39. Kd2 Bc6 40. Ke3 Bd7
41. f4 f5 42. Kd2 h5 43. Ke3 1/2-1/2

[Event "Chess Olympiad"]
[Site "Tromso NOR"]
[Date "2014.08.14"]
[EventDate "2014.08.02"]
[Round "11.7"]
[Result "1/2-1/2"]
[White "Leinier Dominguez Perez"]
[Black "Michael Adams"]
[WhiteElo "2760"]
[BlackElo "2740"]
[PlyCount "76"]

1. e4 e5 2. Nf3 Nc6 3. Bb5 a6 4. Ba4 Nf6 5. O-O Be7 6. Re1 b5
7. Bb3 O-O 8. a4 b4 9. d3 d6 10. Nbd2 Na5 11. Ba2 c5 12. c3
Nc6 13. d4 bxc3 14. bxc3 cxd4 15. cxd4 exd4 16. Ba3 d3 17. Nb3
Ne5 18. Nxe5 dxe5 19. Bxe7 Qxe7 20. Qxd3 Bd7 21. Na5 Qb4
22. Nc4 Be6 23. Reb1 Qc5 24. Nb6 Rad8 25. Bd5 Nxe4 26. Qxe4
Bxd5 27. Qxe5 Rfe8 28. Qf5 g6 29. Nd7 Qd4 30. Qxd5 Qxd5
31. Nf6+ Kg7 32. Nxd5 Rxd5 33. Rb6 Ra5 34. Rb4 Re2 35. g4 Rc5
36. h3 h5 37. Kg2 hxg4 38. hxg4 Rec2 1/2-1/2

[Event "FIDE Grand Prix Baku"]
[Site "Baku AZE"]
[Date "2014.10.02"]
[EventDate "2014.10.02"]
[Round "1"]
[Result "1/2-1/2"]
[White "Leinier Dominguez Perez"]
[Black "Rustam Mashrukovich Kasimdzhanov"]
[WhiteElo "2751"]
[BlackElo "2706"]
[PlyCount "60"]

1. c4 Nf6 2. g3 c5 3. Bg2 g6 4. Nc3 Bg7 5. e3 O-O 6. Nge2 Nc6
7. O-O d6 8. b3 Bf5 9. d4 Qc8 10. Re1 e5 11. Ba3 Rd8 12. Rc1
Bh3 13. dxc5 Bxg2 14. Kxg2 dxc5 15. Nd5 b6 16. Nxf6+ Bxf6
17. Qc2 Qa6 18. Qb2 Bg7 19. e4 Nd4 20. Nc3 f5 21. Nd5 Rd7
22. b4 cxb4 23. Bxb4 fxe4 24. Qb1 Qb7 25. Qxe4 Rc8 26. a4 Kh8
27. f4 Nc6 28. Bc3 Re8 29. Rcd1 Qc8 30. f5 gxf5 1/2-1/2

[Event "FIDE Grand Prix Baku"]
[Site "Baku AZE"]
[Date "2014.10.03"]
[EventDate "2014.10.02"]
[Round "2.4"]
[Result "1/2-1/2"]
[White "Leinier Dominguez Perez"]
[Black "Evgeny Tomashevsky"]
[WhiteElo "2751"]
[BlackElo "2701"]
[PlyCount "200"]

1. e4 e5 2. Nf3 Nc6 3. Bb5 a6 4. Ba4 Nf6 5. O-O Be7 6. d3 b5
7. Bb3 d6 8. a3 O-O 9. Nc3 Na5 10. Ba2 Be6 11. b4 Bxa2
12. Rxa2 Nc6 13. Bg5 Qd7 14. Bxf6 Bxf6 15. Nd5 a5 16. Nxf6+
gxf6 17. Rb2 axb4 18. axb4 f5 19. Nh4 f4 20. Nf5 Kh8 21. d4 f6
22. Qd3 Ne7 23. Nxe7 Qxe7 24. Qxb5 exd4 25. Qd3 Qe5 26. b5
Rfe8 27. b6 cxb6 28. Rxb6 Rac8 29. Rb4 Rc3 30. Qxd4 Rxc2
31. Qd1 Rc3 32. f3 Qc5+ 33. Qd4 Rc2 34. Kh1 Qg5 35. Rg1 Rg8
36. Rb2 Rxb2 37. Qxb2 Qe5 38. Qc1 f5 39. exf5 Qxf5 40. Rd1 Qf6
41. h3 Qg5 42. Qd2 Rg6 43. Ra1 Kg7 44. Ra5 Qh4 45. Ra4 Rf6
46. Qe2 Qh5 47. Qe7+ Qf7 48. Qd8 Qg6 49. Re4 Kh6 50. Re8 Qg5
51. Re7 Qf5 52. Rb7 Qg6 53. Qe7 Rf5 54. Qh4+ Qh5 55. Qd8 Qg6
56. Qe7 Rf6 57. Kg1 Rf5 58. Qh4+ Qh5 59. Qd8 Qg6 60. Qh4+ Qh5
61. Qd8 Qg6 62. Qe7 Rf6 63. Rb4 Qg7 64. Qe1 Qg5 65. Kh1 Rg6
66. Qd2 Rf6 67. Rd4 Kg7 68. Rd5 Qg6 69. Rb5 Qf7 70. Rg5+ Rg6
71. Ra5 Rf6 72. Qd4 Qg6 73. h4 Kh6 74. Rg5 Qf7 75. Rg4 Qf8
76. Kh2 Rf5 77. Kh3 Qf6 78. Qd2 Qe6 79. Qc3 Qf6 80. Qc1 Kh5
81. Qc8 Kh6 82. Qg8 Rc5 83. Qa8 Rc1 84. Kh2 Rc5 85. Qa4 Rf5
86. Kh3 Kh5 87. Qe4 Kh6 88. Qd3 Rh5 89. g3 Rf5 90. Rg8 Rh5
91. Qe4 d5 92. Qe8 Re5 93. Qb8 fxg3 94. Kxg3 Re1 95. Qf4+
Qxf4+ 96. Kxf4 Kh5 97. Rg5+ Kxh4 98. Rxd5 Re8 99. Rd7 Rf8+
100. Ke4 Re8+ 1/2-1/2

[Event "FIDE Grand Prix Baku"]
[Site "Baku AZE"]
[Date "2014.10.04"]
[EventDate "2014.10.02"]
[Round "3"]
[Result "1-0"]
[White "Sergey Karjakin"]
[Black "Leinier Dominguez Perez"]
[WhiteElo "2767"]
[BlackElo "2751"]
[PlyCount "81"]

1. Nf3 d5 2. g3 g6 3. Bg2 Bg7 4. d4 Nf6 5. O-O O-O 6. c3 c6
7. Nbd2 Bf5 8. Nh4 Be6 9. Qc2 Nbd7 10. f4 Bg4 11. Re1 e6
12. e4 Nxe4 13. Nxe4 dxe4 14. Qxe4 Bf6 15. Nf3 Bxf3 16. Qxf3
Qa5 17. Be3 Nb6 18. Bf2 Rad8 19. g4 Nc4 20. Re2 Nd6 21. h4 h5
22. gxh5 Qxh5 23. Qxh5 gxh5 24. Kh2 Kg7 25. Bf3 Rh8 26. a4 Kf8
27. a5 a6 28. Kh3 Nf5 29. Rd1 Rd7 30. b4 Kg7 31. c4 Nxd4
32. Red2 Rhd8 33. Bxh5 Kf8 34. Bg4 Ke8 35. h5 Nf5 36. Rxd7
Rxd7 37. Rxd7 Kxd7 38. Bxf5 exf5 39. h6 Ke8 40. Bc5 Bh8
41. Kh4 1-0

[Event "FIDE Grand Prix Baku"]
[Site "Baku AZE"]
[Date "2014.10.09"]
[EventDate "2014.10.02"]
[Round "7"]
[Result "1/2-1/2"]
[White "Teimour Radjabov"]
[Black "Leinier Dominguez Perez"]
[WhiteElo "2726"]
[BlackElo "2751"]
[PlyCount "63"]

1. d4 Nf6 2. c4 g6 3. f3 d5 4. cxd5 Nxd5 5. e4 Nb6 6. Nc3 Bg7
7. Be3 O-O 8. Qd2 e5 9. d5 c6 10. h4 cxd5 11. exd5 N8d7 12. h5
Nf6 13. hxg6 fxg6 14. O-O-O Bd7 15. Kb1 Rc8 16. d6 e4 17. Ka1
Re8 18. Nh3 Nc4 19. Bxc4+ Rxc4 20. Ng5 exf3 21. Nxf3 Ng4
22. Nd5 Nxe3 23. Nxe3 Ra4 24. Nd5 Be6 25. Ne7+ Rxe7 26. dxe7
Rxa2+ 27. Kb1 Rxb2+ 28. Qxb2 Bf5+ 29. Ka2 Be6+ 30. Kb1 Bf5+
31. Ka2 Be6+ 32. Kb1 1/2-1/2

[Event "FIDE Grand Prix Baku"]
[Site "Baku AZE"]
[Date "2014.10.10"]
[EventDate "2014.10.02"]
[Round "8"]
[Result "0-1"]
[White "Leinier Dominguez Perez"]
[Black "Peter Svidler"]
[WhiteElo "2751"]
[BlackElo "2732"]
[PlyCount "155"]

1. e4 e5 2. Nf3 Nc6 3. Bb5 a6 4. Ba4 Nf6 5. O-O Be7 6. d3 d6
7. c3 O-O 8. Nbd2 Re8 9. d4 b5 10. Bc2 exd4 11. cxd4 Bg4
12. h3 Bh5 13. g4 Bg6 14. Re1 h5 15. e5 Bxc2 16. Qxc2 Nb4
17. Qf5 dxe5 18. dxe5 g6 19. Qb1 Bc5 20. Ne4 Nxe4 21. Qxe4
hxg4 22. hxg4 Qd3 23. b3 Qxe4 24. Rxe4 Nd3 25. Be3 f5 26. gxf5
gxf5 27. Rh4 Nxe5 28. Nxe5 Rxe5 29. Bxc5 Rxc5 30. Rd1 Kf7
31. Rh7+ Kf6 32. Rdd7 Rg8+ 33. Kf1 Rc1+ 34. Ke2 Re8+ 35. Kf3
Rc3+ 36. Kg2 c6 37. Ra7 Rg8+ 38. Kf1 Rc1+ 39. Ke2 Rc2+ 40. Kf3
Rxa2 41. Rhc7 Rc2 42. Rxa6 Rc3+ 43. Ke2 Re8+ 44. Kd2 Rf3
45. Raxc6+ Kg5 46. Rg7+ Kf4 47. Rh6 Rxf2+ 48. Kc3 Rf3+ 49. Kb4
Ree3 50. Kxb5 Rxb3+ 51. Kc4 Rh3 52. Ra6 Rhc3+ 53. Kd5 Rb5+
54. Kd4 Rbb3 55. Rf7 Rd3+ 56. Kc4 Rbc3+ 57. Kb4 Rb3+ 58. Kc4
Rdc3+ 59. Kd4 Re3 60. Ra1 Red3+ 61. Kc4 Ra3 62. Rh1 Rh3
63. Rd1 Rhe3 64. Rf1+ Rf3 65. Rd1 Ra4+ 66. Kb5 Re4 67. Rf8 Kg3
68. Rd5 Rb3+ 69. Kc5 f4 70. Rg5+ Kf2 71. Rgf5 f3 72. R5f7 Rg4
73. Rf6 Re3 74. R6f7 Kg2 75. Rf6 Rg3 76. Kd4 Re2 77. Kd3 Ra2
78. Kd4 0-1

[Event "FIDE Grand Prix Baku"]
[Site "Baku AZE"]
[Date "2014.10.12"]
[EventDate "2014.10.02"]
[Round "9"]
[Result "1-0"]
[White "Dmitry Andreikin"]
[Black "Leinier Dominguez Perez"]
[WhiteElo "2722"]
[BlackElo "2751"]
[PlyCount "111"]

1. d4 Nf6 2. Bg5 Ne4 3. Bf4 d5 4. e3 c5 5. Bd3 Nf6 6. Nc3 a6
7. h3 Nc6 8. Nf3 e6 9. O-O c4 10. Be2 b5 11. Ne5 Bb7 12. Bf3
Bb4 13. a4 Qb6 14. axb5 axb5 15. Rxa8+ Bxa8 16. Bg5 Nxe5
17. dxe5 Nd7 18. Nxd5 exd5 19. Bxd5 Bxd5 20. Qxd5 Nb8 21. e4
Bc5 22. Kh1 O-O 23. f4 Na6 24. c3 Nc7 25. Qd7 Ne6 26. Bh4 Be3
27. Be7 Nc5 28. Qg4 Re8 29. Bf6 g6 30. f5 Qc6 31. e6 Qxe4
32. Qg3 Qd3 33. exf7+ Kxf7 34. fxg6+ hxg6 35. Qf3 Qf5 36. Bd4
Ne4 37. g4 Qxf3+ 38. Rxf3+ Ke6 39. Rxe3 Kd5 40. Kg2 Ra8 41. h4
b4 42. h5 gxh5 43. gxh5 Ra2 44. Kf3 Ng5+ 45. Kg3 Ne4+ 46. Kf4
bxc3 47. Bxc3 Nxc3 48. bxc3 Rh2 49. Kg4 Kc5 50. Rh3 Rg2+
51. Kh4 Kb5 52. h6 Rg8 53. h7 Rh8 54. Kg5 Ka4 55. Kg6 Kb3
56. Kg7 1-0

[Event "FIDE Grand Prix Baku"]
[Site "Baku AZE"]
[Date "2014.10.14"]
[EventDate "2014.10.02"]
[Round "11.4"]
[Result "1-0"]
[White "Alexander Grischuk"]
[Black "Leinier Dominguez Perez"]
[WhiteElo "2797"]
[BlackElo "2751"]
[PlyCount "79"]

1. Nf3 c5 2. e4 d6 3. d4 cxd4 4. Nxd4 Nf6 5. Nc3 a6 6. h3 e6
7. g4 Nfd7 8. g5 b5 9. a3 Bb7 10. h4 Be7 11. Be3 O-O 12. f4
Nc6 13. Rh3 Rc8 14. f5 Nxd4 15. Qxd4 Nc5 16. Bd2 Re8 17. O-O-O
Qc7 18. f6 Bf8 19. Bd3 Qb6 20. Kb1 Na4 21. Qxb6 Nxb6 22. Ne2
Nd7 23. Rf1 Ne5 24. Nf4 Nd7 25. Nh5 g6 26. Nf4 Nc5 27. h5 gxh5
28. Re1 e5 29. Nxh5 d5 30. Ng3 Rcd8 31. Reh1 h6 32. Nf5 dxe4
33. Nxh6+ Kh7 34. Nxf7+ Kg6 35. Nxd8 Rxd8 36. Ba5 Rxd3
37. cxd3 exd3 38. Rh6+ Kxg5 39. Bd2+ Kf5 40. Rf1+ 1-0

[Event "World Rapid Championship"]
[Site "Berlin GER"]
[Date "2015.10.10"]
[EventDate "2015.10.10"]
[Round "5.33"]
[Result "0-1"]
[White "Sebastien Maze"]
[Black "Leinier Dominguez Perez"]
[WhiteElo "2582"]
[BlackElo "2732"]
[PlyCount "58"]

1. e4 c5 2. Nf3 d6 3. Bb5+ Nd7 4. c3 Nf6 5. Qe2 a6 6. Ba4 b5
7. Bc2 Bb7 8. d4 cxd4 9. cxd4 g6 10. O-O Bg7 11. a3 O-O
12. Nc3 Rc8 13. Bg5 h6 14. Bxf6 Bxf6 15. Rfd1 Bg7 16. h4 e6
17. Rac1 Qb6 18. Bb1 Rc7 19. Qd2 Nf6 20. Re1 Rfc8 21. Na2 Ng4
22. Rcd1 h5 23. Nc3 a5 24. Ng5 b4 25. axb4 axb4 26. Ne2 Ba6
27. f3 Bxe2 28. Rxe2 Bxd4+ 29. Qxd4 Qxd4+ 0-1